Bilecik Bilecik Bilecik Bilecik Bilecik

İzahlı divan şiiri anatolojisi/ (Record no. 46897)

MARC details
000 -BAŞLIK
Sabit Uzunluktaki Kontrol Alanı 01032nam a22003377a 4500
001 - KONTROL NUMARASI
Control Dosyası 0047052
003 - KONTROL NUMARASI KİMLİĞİ
Kontrol Alanı KOHA_MİRAKIL
005 - EN SON İŞLEM TARİHİ ve ZAMANI
Kontrol Alanı 20260207003535.0
007 - FİZİKSEL TANIM SABİT ALAN - GENEL BİLGİ
Sabit uzunluklu kontrol alanı ta
008 - SABİT UZUNLUKTAKİ VERİ ÖGELERİ - GENEL BİLGİ
Sabit Alan 141216b1991 tu |||gr||||#0|||1|tur |
020 ## - ISBN - ULUSLARARASI STANDART KİTAP NUMARASI
Isbn 9751102960
040 ## - KATALOGLAMA KAYNAĞI
Özgün Kataloglama Kurumu TR-BiSEU
Kataloglama Dili tur
Çeviri Kurumu TR-BiSEU
Açıklama Kuralları rda
041 0# - DİL KODU
Metin ya da ses kaydının dil kodu tur
044 ## - YAYINLAYAN/ÜRETEN KURULUŞUN ÜLKE KODU
ISO country code tu
050 ## - SINIFLAMA ve YER NUMARASI
Sınıflama Numarası PL248.A580
Yer Numarası O53 1991
100 1# - KİŞİ ADI
Yazar Adı (Kişi adı) Onan, Necmettin Halil.
245 1# - ESER ADI BİLDİRİMİ
Başlık İzahlı divan şiiri anatolojisi/
Sorumluluk Bildirimi Necmettin Halil Onan ; Necmettin Halil Onan.
264 #1 - ÜRERİM, YAYIN, DAĞITIM ve TELİF BİLDİRİMİ
Yayın yeri İstanbul :
Yayınlayan Milli Eğitim Bakanlığı Yayınları
Yayın tarihi 1991
300 ## - FİZİKSEL TANIMLAMA
Sayfa, Cilt vb. 527 sayfa; 25 cm.
336 ## - İÇERİK TÜRÜ
Content type term metin
Content type code txt
Source rdacontent
337 ## - MEDYA TÜRÜ
Media type term aracısız
Media type code n
Source rdamedia
338 ## - TAŞIYICI TÜRÜ
Carrier type term cilt
Carrier type code nc
Source rdacarrier
490 1# - DİZİ BİLDİRİMİ
Dizi Bildirimi Öğretmen Kitapları Anatolojisi ;
Cilt Numarası 167.
650 #0 - KONU BAŞLIĞI EK GİRİŞ - KONU TERİMİ
Konusal terim veya coğrafi ad Divan şiiri.
9 (RLIN) 18264
650 #0 - KONU BAŞLIĞI EK GİRİŞ - KONU TERİMİ
Konusal terim veya coğrafi ad Türk şiiri.
9 (RLIN) 3914
650 #0 - KONU BAŞLIĞI EK GİRİŞ - KONU TERİMİ
Konusal terim veya coğrafi ad Turkish poetry.
9 (RLIN) 3912
650 #0 - KONU BAŞLIĞI EK GİRİŞ - KONU TERİMİ
Konusal terim veya coğrafi ad Classicism.
9 (RLIN) 86494
830 1# - SERİ EK GİRİŞİ - TEKBİÇİM ESER ADI
Tekbiçim Başlık Öğretmen Kitapları Anatolojisi ;
Volume number/sequential designation 167.
9 (RLIN) 86495
907 ## - LOCAL DATA ELEMENT G, LDG (RLIN)
a Antoloji
942 ## - EK GİRİŞ ÖGELERİ (KOHA)
Source of classification or shelving scheme Library of Congress Classification
Koha item type Book
Holdings
Materyal Türü Kalıcı Konum Mevcut Konum Raf Yeri Sınıflandırma Kaynağı Edinim Bilgisi Ana Konular Alt Konular Yer Numarası Demirbaş Numarası Fatura Tarihi Geri Çekilme Durumu Kayıp Durumu Hasarlı Durumu Kredi için değil Kayıt Tarih Toplam Ödünçverme Son Görülme Tarihi Son Kontrol Tarihi Genel / Bağış Notu
Book Prof. Dr. Azmi Özcan Kütüphanesi Prof. Dr. Azmi Özcan Kütüphanesi Birûni Salonu Library of Congress Classification Bağış DİL VE EDEBİYAT Doğu Asya, Afrika, Okyanusya Dilleri ve Edebiyatları PL248.A580 O53 1991 0047052 02/02/2026         16/12/2014 3 05/12/2024 05/12/2024 Genel Bağış